000 00894nam a2200253Ia 4500
003 OSt
005 20220930082738.0
006 a|||||r|||| 00| 0
007 ta
008 220926b |||||||| |||| 00| 0 eng d
024 _a46007
037 _cTheses
040 _aCRL
_cCRL
_beng
041 _2eng
_aeng
100 _aGunathilake Tantrigama
_9532484
110 _aUniversity of Delhi. Faculty of Applied Social Sciences and Humanities. Department of Business Economics
_9524529
245 0 _aSustainable coastal tourism in Hikkaduwa (Sri Lanka) and Goa (India)
260 _c2001
650 _aBUSINESS
700 _a Prof Lallan Prasad Gu.
_9532485
700 _aUniversity of Delhi. Faculty of Applied Social Sciences and Humanities. Department of Business Economics
_9524531
942 _cDIS
_2CC
999 _c873850
_d873850